LEADER 00587naa a2200145 i 4500 001 000000304064 003 CaOOAMICUS 005 20180831172812.0 008 180831n xx u000 u und u 013 $a11868 040 $aSeMil$bita 100 1 $aRiggi, Calogero.$0(OLS)http://semarc/name/16137 245 10$aFedeltà verginale e coniugale in S. Ambrogio. 773 0 $t«Humanitas» classica e «Sapientia» cristiana.$dRoma : LAS, copyr. 1992.$kBiblioteca di scienze religiose $z88-213-0231-8$w()40179 996 $6245$aFedeltà verginale e coniugale in S. Ambrogio$9(OLS)http://semarc/title/380014 LEADER 01153nam a2200241 i 4500 001 000000227505 003 CaOOAMICUS 005 20140227000000.0 008 140227s1968 xx u000 u fre u 013 $a206407 040 $aSeMil$bita 100 1 $aHugedé, Norbert.$0(OLS)http://semarc/name/32309 245 10$aCommentaire de l'Epître aux Colossiens /$cNorbert Hugedé. 260 $aGenève :$bLabor et Fides,$ccopyr. 1968. 300 $a226 p. ;$c21 cm. 490 0 $aCollection de commentaires bibliques 650 4$aBibbia. Nuovo Testamento. Lettere di Paolo - Commentari, studi, critica, interpretazioni.$0(OLS)http://semarc/subject/935 650 4$aBibbia. Nuovo Testamento. Lettera ai Colossesi - Commentari, studi, critica, interpretazioni.$0(OLS)http://semarc/subject/9438 830 0$aCollection de commentaires bibliques.$0(OLS)http://semarc/title/21228 850 $aSeMil 852 $aSeMil$W1$xVenegono$y1$m2Y I 189$j177851$B177851$CSeMilBibl$Z2$F188727 $81 996 $6245$aCommentaire de l'Epître aux Colossiens$9(OLS)http://semarc/title/325620 996 $6260$aGenève :$bLabor et Fides$9(OLS)http://semarc/publisher/31164